Microeconomia (Registro nro. 7931)

Detalles MARC
000 -LEADER
fixed length control field 00448nam a2200181Ia 4500
020 ## - INTERNATIONAL STANDARD BOOK NUMBER
International Standard Book Number 8420531316
008 - FIXED-LENGTH DATA ELEMENTS--GENERAL INFORMATION
fixed length control field 230425s9999 xx 000 0 und d
040 ## - CATALOGING SOURCE
Original cataloging agency UPAN
Transcribing agency Biblioteca San Vicente
Description conventions RCAA2
041 ## - LANGUAGE CODE
Language code of text/sound track or separate title spa
082 ## - DEWEY DECIMAL CLASSIFICATION NUMBER
Classification number 338519
Item number P563
100 ## - MAIN ENTRY--PERSONAL NAME
Personal name Pindyck, Robert S.
245 #0 - TITLE STATEMENT
Title Microeconomia
250 ## - EDITION STATEMENT
Edition statement 5° ed.
260 ## - PUBLICATION, DISTRIBUTION, ETC. (IMPRINT)
Place of publication, distribution, etc España
Name of publisher, distributor, etc Pearson
Date of publication, distribution, etc 2001
300 ## - PHYSICAL DESCRIPTION
Extent 760 p.
Dimensions 26 cm.
700 ## - ADDED ENTRY--PERSONAL NAME
Personal name Daniel L. Rubinfeld
942 ## - ADDED ENTRY ELEMENTS (KOHA)
Koha item type Libros

No hay ítems disponibles.